Skoki Narciarskie - top 15 turnieju czterech skoczni 2022/23 - Statystyki

Ogólne statystyki
  • Ten quiz został rozwiązany 1 226 razy
  • Średni wynik to 10 z 15
Statystyki odpowiedzi
Miejsce Zawodnik % Poprawnych
2. Dawid Kubacki
98%
5. Kamil Stoch
96%
4. Piotr Żyła
95%
1. Halvor Egner Granerud
93%
6. Stefan Kraft
93%
3. Anze Lanisek
81%
11. Andreas Wellinger
61%
9. Jan Hoerl
59%
15. Johann Andre Forfang
57%
14. Timi Zajc
57%
8. Daniel Tschofenig
46%
10. Manuel Fettner
45%
7. Michael Hayboeck
44%
12. Lovro Kos
37%
13. Philipp Raimund
25%
Nie znaleziono quizów pasujących do podanych kryteriów
Rozkład punktacji
Procent ludzi z każdym wynikiem
Percentyl według liczby udzielonych odpowiedzi
Twoja historia wyników
Nie rozwiązałeś tego quizu